| 000 | 00522pab a2200145 454500 | ||
|---|---|---|---|
| 008 | 180718b2002 xxu||||| |||| 00| 0 eng d | ||
| 100 | _aRajwade, A.V. | ||
| 245 | _aIssues in asset liability management | ||
| 260 | _c2002 | ||
| 300 | _ap.378-79;37(7), 16 Feb 2001, p.617-18;37(9), 2 Mar 2001, p.832-33;37(11), 16 Mar 2001, p.1017-018;37(13), 30 Mar 2001, p.1186-187;37(15), 13 Apr 2002, p.1394-395 | ||
| 362 | _a2 Feb | ||
| 650 | _aAsset liability management | ||
| 773 | _aEconomic and Political Weekly | ||
| 909 | _a51449 | ||
| 999 |
_c51449 _d51449 |
||